|
|
|
|
| LEADER |
01106nam a2200325 a 4500 |
| 001 |
000650155 |
| 003 |
CZ BrMZK |
| 005 |
20030807144426.0 |
| 007 |
ta |
| 008 |
030131s2002 xr f cze d |
| 015 |
|
|
|a cnb001201155
|
| 020 |
|
|
|a 80-86285-71-5
|q (brož.)
|
| 035 |
|
|
|a (OCoLC)53274067
|
| 040 |
|
|
|a BOA001
|b cze
|
| 080 |
|
|
|a 373.2
|2 MRF
|
| 080 |
|
|
|a 159.955
|2 MRF
|
| 080 |
|
|
|a 821-93
|2 MRF
|
| 100 |
1 |
|
|a Tarábková, Mária
|7 ola2004216971
|4 ccp
|4 aut
|
| 245 |
1 |
0 |
|a Moje krůčky k přemýšlení /
|c [námět a zpracování Mária Tarábková ; ilustrace Tomáš Profant]
|
| 250 |
|
|
|a Vyd. 1.
|
| 260 |
|
|
|a Brno :
|b Didaktis,
|c c2002
|
| 300 |
|
|
|a 47 s. :
|b barev. il. ;
|c 30 cm
|
| 521 |
|
|
|a Pro děti ve věku 4-7 let
|
| 650 |
0 |
7 |
|a předškolní výchova
|7 ph124887
|2 czenas
|
| 650 |
0 |
7 |
|a rozvoj myšlení
|7 ph135316
|2 czenas
|
| 655 |
|
7 |
|a publikace pro děti
|7 fd133156
|2 czenas
|
| 700 |
1 |
|
|a Profant, Tomáš,
|d 1975-
|7 ola2004216972
|4 ill
|
| 910 |
|
|
|a BOA001
|b 4-1113.285
|
| 990 |
|
|
|a BK
|
| 996 |
6 |
|
|b 2610180606
|c 4-1113.285
|l MZK
|r Sklad / do 1 hodiny
|n 2
|p p.v.
|w 000650155
|u 000010
|a 1
|e BOA001
|j MZK50
|s P
|